ბათუმის შოთა რუსთაველის სახელმწიფო უნივერსიტეტის ბიბლიოთეკა

Clinical neuropsychology : a pocket handbook for assessment / (ბიბ.ჩანაწერი № 60419)

000 -LEADER
fixed length control field 01022nam a22002297a 4500
005 - DATE AND TIME OF LATEST TRANSACTION
control field 20230714102137.0
008 - FIXED-LENGTH DATA ELEMENTS--GENERAL INFORMATION
fixed length control field 230714s2014en xxu||||| |||| 00| 0 eng d
020 ## - INTERNATIONAL STANDARD BOOK NUMBER
International Standard Book Number 9781433816871 X
041 ## - LANGUAGE CODE
Language code of text/sound track or separate title eng
080 ## - UNIVERSAL DECIMAL CLASSIFICATION NUMBER
Universal Decimal Classification number 616.89 C-61
245 ## - TITLE STATEMENT
Title Clinical neuropsychology : a pocket handbook for assessment /
Statement of responsibility, etc. Editor : Michael W. Parsons, Thomas A. Hammeke, Peter J. Snyder
250 ## - EDITION STATEMENT
Edition statement 3. ed
264 ## - PRODUCTION, PUBLICATION, DISTRIBUTION, MANUFACTURE, AND COPYRIGHT NOTICE
Place of production, publication, distribution, manufacture Washington, D.C.
Name of producer, publisher, distributor, manufacturer American Psychological Association
Date of production, publication, distribution, manufacture, or copyright notice 2014.
300 ## - PHYSICAL DESCRIPTION
Extent XXIII, 741 p :.
Other physical details Illustrationen;
Dimensions 18 cm.
653 ## - INDEX TERM--UNCONTROLLED
keyword Clinical neuropsychology
653 ## - INDEX TERM--UNCONTROLLED
keyword Clinical neuropsychology Handbooks, manuals, etc Handbooks and manuals Klinische Psychologie Neuropsychological tests
653 ## - INDEX TERM--UNCONTROLLED
keyword კლინიკური ნეიროფსიქოლოგია
700 ## - ADDED ENTRY--PERSONAL NAME
Personal name Parsons, Michael W.
Relator term რედაქტორი
9 (RLIN) 19315
700 ## - ADDED ENTRY--PERSONAL NAME
Personal name Hammeke, Thomas A.
Relator term რედაქტორი
9 (RLIN) 19316
700 ## - ADDED ENTRY--PERSONAL NAME
Personal name Snyder, Peter J.
Relator term რედაქტორი
9 (RLIN) 19317
942 ## - ADDED ENTRY ELEMENTS (KOHA)
Source of classification or shelving scheme
Koha item type წიგნი
ეგზემპლარები
Withdrawn status Lost status Source of classification or shelving scheme Damaged status Not for loan Permanent Location Current Location Shelving location Date acquired Cost, normal purchase price Full call number Barcode Date last seen Copy number Price effective from Koha item type Public note
          ბათუმის შოთა რუსთაველის სახელმწიფო უნივერსიტეტის მთავარი ბიბლიოთეკა ბათუმის შოთა რუსთაველის სახელმწიფო უნივერსიტეტის მთავარი ბიბლიოთეკა წიგნსაცავი 2023-07-14 258.00 616.89 C-61 64962 2023-07-14 64962 2023-07-14 წიგნი 258.00